Guess the countries in French #1 - Statistics

General Stats
  • This quiz has been taken 18 times
  • The average score is 19 of 30
Answer Stats
Hint Answer % Correct
France France
100%
Italy Italie
93%
Belgium Belgique
87%
Germany Allemagne
80%
Australia Australie
80%
Canada Canada
80%
Japan Japon
80%
Portugal Portugal
80%
Algeria Algérie
73%
China Chine
73%
Spain Espagne
73%
United States of America États-Unis
73%
Russia Russie
73%
Argentina Argentine
67%
Mexico Mexique
67%
Netherlands Pays-Bas
67%
Sweden Suède
67%
Brazil Brésil
53%
Finland Finlande
53%
India Inde
53%
Norway Norvège
53%
Poland Pologne
53%
United Kingdom Royaume-Uni
53%
South Africa Afrique du Sud
47%
Egypt Égypte
40%
New Zealand Nouvelle-Zélande
33%
Saudi Arabia Arabie Saoudite
27%
Cambodia Cambodge
27%
Peru Pérou
27%
Kyrgyzstan Kirghizistan
20%
No matching quizzes found
Score Distribution
Percent of People with Each Score
Percentile by Number Answered
Your Score History
You have not taken this quiz